000 00786nam a2200265 a 4500
001 3549015
003 OST
005 20140310181800.0
008 970312s1996 ilua d 000 0 eng
010 _a 97126556
020 _a0844209325
040 _aDLC
_cDLC
050 0 0 _aML 100
_b.D554 1997
082 0 0 _aREF 780
_b D56 1997
245 0 0 _aDictionary of classical music /
_c[editorial director, Michael Upshall].
260 _aLincolnwood, Ill. :
_bNTC Pub.,
_cc1997.
300 _a250 p. :
_bill. ;
_c15 cm.
440 0 _aNTC pocket references
650 0 _aMusic
_xDictionaries.
700 1 _aUpshall, Michael.
906 _a7
_bcbc
_corignew
_d2
_encip
_f19
_gy-gencatlg
942 _2lcc
_cBK
999 _c3596
_d3596